Vstup na zahraničný trh – ako sa rozhodujú slovenskí manažéri

Prieskum týkajúci sa problematiky intrernacionalizácie slovenských podnikov. Cieľ prieskumu - zistiť, aké postupy uplatňujú manažéri v procese rozhodovania o internacionalizácii firmy, výber vhodného zahraničného trhu, formy pôsobenia na ňom a aké metódy na podporu rozhodovania v tomto procese využí...

Descrizione completa

Salvato in:
Dettagli Bibliografici
Autore principale: Magdolenová, Jana
Natura: Capitolo di libro
Lingua:slovacco
Soggetti:
Tags: Aggiungi Tag
Nessun Tag, puoi essere il primo ad aggiungerne!!

MARC

LEADER 00000naa a2200000 4500
001 0135201
005 20231103072732.6
041 0 |a slo 
044 |a SK 
245 1 0 |a Vstup na zahraničný trh – ako sa rozhodujú slovenskí manažéri  |c Jana Magdolenová 
520 |a Prieskum týkajúci sa problematiky intrernacionalizácie slovenských podnikov. Cieľ prieskumu - zistiť, aké postupy uplatňujú manažéri v procese rozhodovania o internacionalizácii firmy, výber vhodného zahraničného trhu, formy pôsobenia na ňom a aké metódy na podporu rozhodovania v tomto procese využívajú. Kritériá rozhodovania pri výbere zahraničného trhu. Stupeň internacionalizácie slovenských firiem. Podpora rozhodovania o vstupe na zahraničný trh. 
610 2 0 |a podnikanie v zahraničí 
610 2 0 |a trh zahraničný 
610 2 0 |a rozhodovanie manažérske 
610 2 0 |a prieskum informačný 
610 2 0 |a internacionalizácia 
610 2 0 |a Slovensko 
100 1 |a Magdolenová, Jana